Ciudades europeas por una sola pista - Estadísticas

Estadísticas generales
  • Esta prueba ha sido intentada 139 veces
  • La puntuación promedio es 10 de 15
Estadísticas de respuestas
Pista Ciudad % Correcto
Ciudad dividida en dos continentes a través de un estrecho Estambul
95%
Donde se encuentra el famoso Museo de Pérgamo Berlín
89%
Ciudad que desde 1924 fue conocida como Leningrado hasta finales de siglo San Petersburgo
85%
Capital más situada al norte de Europa y del mundo Reikiavik
82%
Que ciudad es conocida como la Perla del Danubio Budapest
73%
Ciudad en la que nació y se desarrolló el Renacimiento Florencia
72%
Donde podemos encontrar la Playa de la Concha San Sebastián
68%
Ciudad que vivió el acontecimiento que dió lugar a la Primera Guerra Mundial Sarajevo
68%
Con que ciudad sueca está conectada Copenhague a través de un puente y un túnel Malmo
60%
En que ciudad encontraríamos el reloj astronómico más antiguo del mundo Praga
57%
Donde podemos encontrar la Corte Internacional de Justicia La Haya
54%
Donde se encuentra el parlamento más grande de Europa Bucarest
41%
Ciudad más veces destruida y reconstruida del mundo Belgrado
39%
En que ciudad se produce el derbi conocido como Old Firm, enfrenta a aficiones de religiones distintas Glasgow
35%
Capital situada a mayor altitud Andorra la Vieja
33%
No se encontraron pruebas coincidentes
Distribución de puntuación
Porcentaje de gente con cada puntuación
Porcentaje por número respondido
Historial de tus puntuaciones
No has intentado esta prueba.